Real Words in Jabberwocky Quiz Stats

 Plays Quiz Updated Feb 7, 2020

Support Sporcle.
Go Orange.
Score 0/63 Timer 07:00
3 Plays Today
% Correct
The
92%
And
78.1%
In
72.1%
O
66.7%
He
61.5%
'Twas
59.8%
To
58.8%
My
57.5%
Did
55%
So
54.1%
All
53.8%
It
53.7%
Beware
52.3%
Were
52.1%
Son
48.9%
That
45.1%
Claws
43.9%
Sword
43.7%
His
42.8%
Jaws
40.9%
Bite
40.7%
Went
40.4%
Of
39.9%
With
39.3%
Thou
39.3%
As
39.2%
Catch
37.6%
Head
37.5%
One
37%
Shun
36.4%
Day
36%
Hast
35.9%
% Correct
Two
35.9%
Boy
35.9%
Through
34.6%
Tree
34.4%
Back
34.4%
Slain
33.9%
By
33.9%
Bird
33.9%
Came
33.5%
Hand
33.2%
Blade
32.9%
Dead
32.4%
Eyes
32.4%
Thought
32.4%
Joy
32.1%
Come
32.1%
Stood
31.5%
Took
31.4%
Arms
31.4%
Time
30.7%
Wood
30.5%
Its
30.3%
Rested
29%
Long
28.9%
Left
28.8%
Flame
28.4%
Sought
27.6%
Foe
27.6%
Awhile
26.3%
Burbled
18.4%
Whiffling
12.8%

From the Vault

European Countries with an 'L'

by PrincessMartell

If you don't know your geography, you may wonder where the 'L' you're supposed to click.
Remove Ads.
Support Sporcle.
Get the best of Sporcle when you Go Orange. This ad-free experience offers more features, more stats, and more fun while also helping to support Sporcle. Thank you for becoming a member.

Show Comments

Extras

Top Quizzes Today


Score Distribution

Your Account Isn't Verified!

In order to create a playlist on Sporcle, you need to verify the email address you used during registration. Go to your Sporcle Settings to finish the process.

Report this User

Report this user for behavior that violates our Community Guidelines.

Details: